Dopad novelizácie zákona o správe daní na daň z nehnuteľností

Poukázanie na najvýznamnejšie zmeny v novelizovanom zákone o správe daní, ktoré podstatne ovplyvňujú najmä priznanie, vyrubovanie a platenie dane z nehnuteľností ako i postup správcov dane z nehnuteľností. Novodefinované pojmy dane, daňovej pohľadávky, daňového nedoplatku a daňového dlžníka. Daňová...

Descrizione completa

Salvato in:
Dettagli Bibliografici
Autore principale: Harušťáková, Iveta
Natura: Capitolo di libro
Lingua:slovacco
Soggetti:
Tags: Aggiungi Tag
Nessun Tag, puoi essere il primo ad aggiungerne!!

MARC

LEADER 00000naa a2200000 4500
001 r036431
005 20230926081606.1
041 0 |a slo 
044 |a SK 
245 1 0 |a Dopad novelizácie zákona o správe daní na daň z nehnuteľností  |c Iveta Harušťáková 
520 |a Poukázanie na najvýznamnejšie zmeny v novelizovanom zákone o správe daní, ktoré podstatne ovplyvňujú najmä priznanie, vyrubovanie a platenie dane z nehnuteľností ako i postup správcov dane z nehnuteľností. Novodefinované pojmy dane, daňovej pohľadávky, daňového nedoplatku a daňového dlžníka. Daňová kontrola. Vyrubenie dane z nehnuteľností. Kontrola nad dodržiavaním ustanovení zákona o dani z nehnuteľností. Opravné prostriedky. 
610 2 0 |a dane z nehnuteľností 
610 2 0 |a zákony 
610 2 0 |a novelizácia 
610 2 0 |a 1999 
610 2 0 |a úrady daňové 
610 2 0 |a poplatky 
610 2 0 |a kontrola daňová 
610 2 0 |a prostriedky opravné 
100 1 |a Harušťáková, Iveta